000 00479nam a2200169Ia 4500
005 20250508155700.0
008 008 250505s9999 xx 000 0 eng d
037 _aTextual
040 _aFEDL
_beng
_cFEDL
041 _aeng
_2eng
084 _a372.218, LOS
_qFEDL
245 0 _aGuidelines for the kindergarten : An instructional bulletin
245 0 _cLos Angeles City Schools
300 _a40p.
942 _cTEXL
_h372.218, LOS
999 _c1358776
_d1358776